00516cam a2200193ua 45000010005000000080039000050200018000440400009000620410008000710820013000791000036000922450042001282500012001702600030001823000010002126530044002226530024002667000032002909557160217n ii |||gr||||Z||||||ben a9789382435112 cMAIN aben a891.443S aSharma, Bibhuti Kumar,eAuthor. aSheuli ebongcby Bibhuti Kumar Sharma a1st ed. aKolkata:bScholar,c2015. a160p. aEast Indo-European & Celtic literatures aBengali short story aDutta, Tapati,eTranslator.